000
00339nam a22001457a 4500
008
230612b ||||| |||| 00| 0 eng d
020
_a
9780781778763
041
_a
eng
080
_2
EIGHTH EDITION
_a
618
082
_a
618
100
_a
15
101
_a
GJIK
245
_a
DRUGS IN PREGNANCY AND LACTATION
_c
BRIGGS.G.G
942
_2
udc
_c
BK
999
_c
59935
_d
59935